| 000 | 00358nam a22001217a 4500 | ||
|---|---|---|---|
| 082 | _aTHE 200 | ||
| 100 |
_aRABIA BASHIR _972808 |
||
| 245 | _aTH-SOF-0765-IWSS INTELLIGENT WEB SERVICE SELECTION FOR SERVICEORIENTED | ||
| 260 |
_aNUST COLLEGE OF EME _bISLAMABAD _c2001 |
||
| 650 |
_aMS-CSE-10 MSTHESIS _970287 |
||
| 700 |
_aDR AASIA KHANUM _917318 |
||
| 942 | _cCF | ||
| 999 |
_c578787 _d578787 |
||